Las experiencias directas en el nivel inicial: 3 a 5 años
保存先:
| 主要な著者: | , |
|---|---|
| フォーマット: | 図書 |
| 言語: | スペイン語 |
| 出版事項: |
Buenos Aires
Magisterio del Río de la Plata
2003
|
| 版: | 1a. ed |
| シリーズ: | Colección Respuestas Educativas
|
| 主題: | |
| タグ: |
タグ追加
タグなし, このレコードへの初めてのタグを付けませんか!
|
MARC
| LEADER | 00000nam a2200000 a 4500 | ||
|---|---|---|---|
| 001 | UCL8562 | ||
| 003 | CL-VaPUC | ||
| 008 | 040625e20030000AG |||||||||||||||||spa|d | ||
| 020 | |a 9505502982 | ||
| 082 | 0 | 4 | |a 372.21 |b ABU |2 21 |
| 100 | 0 | |a Abuchedid, Patricia Claudia |e author |9 486472 | |
| 700 | 0 | |a Fernández de Elía, Alejandra Lucrecia |e author |9 486473 | |
| 245 | 1 | 4 | |a Las experiencias directas en el nivel inicial: 3 a 5 años |
| 250 | |a 1a. ed | ||
| 300 | |a 94 p | ||
| 942 | |c BK | ||
| 945 | |d 20040625 00:00:00 |a cmena | ||
| 260 | |a Buenos Aires |b Magisterio del Río de la Plata |c 2003 | ||
| 650 | 0 | |a Educación preescolar |9 260381 | |
| 650 | 0 | |a Participación social |9 256140 | |
| 650 | 0 | |a Métodos de enseñanza |9 270413 | |
| 650 | 0 | |a Evaluación de la educación |9 237505 | |
| 650 | 0 | |a Rol del docente |9 329733 | |
| 583 | |a last modification |c 20040625 00:00:00 |k Rodrigo Vera | ||
| 490 | 0 | |a Colección Respuestas Educativas | |
| 999 | |c 309796 |d 309794 | ||
| 952 | |0 0 |1 0 |4 0 |6 372_210000000000000_ABU_2003 |7 0 |8 A |9 377546 |a BIBEDU |b BIBEDU |c ES_NOD |d 2019-11-21 |i 4030931 |l 1 |o 372.21 ABU 2003 |p 4030931 |r 2024-06-26 |s 2024-06-18 |w 2019-11-21 |y BK |k PAR | ||